1043 1763 1657 1940 1480 1439 1784 1561 1617 1588 1743 1401 1487 1612 1912 1232 1270 1838 1285 1873 1772 1341 1691 1406 1729 1685 1840 1776 1180 1808 1740 1046 1036 1937 1661 1086 1121 1987 1329 1120 1387 1530 1891 1553 1694 1163 1401 1443 1094 1758 1189 1187 1270 1123 1567 1657 1049 1179 1493 1012 1092 1620 1385 1931 1444 1234 1532 1945 1595 1402 1312 1114 1246 1302 1026 1926 1490 1613 1609 1354 1232 1686 1008 1567 1699 1765 1027 1372 1173 1011 1989 1319 1482 1353 1475 1144 1295 1472 1461 BCNSPRNW ULIB Ver.6.0+V

เปลี่ยนเป็นภาษาไทย

Change to English
 แสดงรายละเอียดบรรณานุกรม
  กลับหน้าหลัก

Brief Record : Get Marc (ISO 2709) : E-mail record : QR code < ปิดหน้าต่าง
LEADER : 00000nam 2200000uu 4500
001    13399109004
003     ULIB
008    110318s2551||||th 000 0 tha d
060 04 WA115^bส865ค 2551
245 00 คูู่่มือการเฝ้าระวังและสอบสวนอาการภายหลังได้รับการสร้างเสริมภูมิคุ้มกันโรค =^bSurveillance and investigation of adverse events following immunization (AEFI) /^cบรรณาธิการปรีชา เปรมปรี, กนกทิพย์ ทิพย์รัตน์ ; ผู้เขียน ปรีชา เปรมปรี ... [และคนอื่นๆ]
246 30 การเฝ้าระวังและสอบสวนอาการภายหลังได้รับการสร้างเสริมภูมิคุ้มกันโรค
246 31 Surveillance and investigation of adverse events followingimmunization (AEFI)
250    พิมพ์ครั้งที่ 2
260    นนทบุรี :^bกลุ่มระบาดวิทยาโรคติดต่อ สำนักระบาดวิทยากรมควบคุมโรค กระทรวงสาธารณสุข,^c2551
300    83 หน้า :^bภาพประกอบ ;^c26 ซม.
650  7 การก่อภูมิคุ้มกัน
650  7 การเฝ้าระวังโรค
650  7 ภูมิคุ้มกัน
650  7 ระบาดวิทยา
700 0  ปรีชา เปรมปรี,^eบรรณาธิการ
700 0  กนกทิพย์ ทิพย์รัตน์,^eบรรณาธิการ
710 2  กรมควบคุมโรค. ^bสำนักระบาดวิทยา.^bกลุ่มระบาดวิทยาโรคติดต่อ
945    ^p0^l0^i025765
995    ทศพร
999 ^a ใช้งานได้ทุกระบบ
รายการนี้ยังไม่มีแท็ก
คุณยังไม่ได้ล็อกอิน คุณสามารถมีกิจกรรมร่วมกับเว็บไซต์ได้ แต่ต้องล็อกอินก่อน ::
  ล็อกอิน

รายการสื่อสารสนเทศ

ลำดับที่ ประเภท เลขเรียก/บาร์โค้ด สถานที่ สถานะ
1. วิทยาศาสตร์การแพทย์ และสุขภาพ
วิทยาศาสตร์การแพทย์ และสุขภาพ
WA115 ส865ค 2551 ฉ.1 
  Barcode: 025765
ห้องสมุดวิทยาเขตสวรรค์ประชารักษ์
►ส่วนจัดเก็บหนังสือเก่า สปร
บนชั้น
  ขอยืม

รายการใกล้เคียง
    หัวเรื่อง [การเฝ้าระวังโรค]
    หัวเรื่อง [ภูมิคุ้มกัน]
    หัวเรื่อง [ระบาดวิทยา]

BibComment


ยังไม่เคยถูกคอมเมนท์

คอมเมนท์ทรัพยากรรายการนี้
  คอมเมนท์: คูู่่มือการเฝ้าระ..


 Copyright 2026. Bcnsprnw @Library